| 000 | 00386nam a2200157Ia 4500 | ||
|---|---|---|---|
| 005 | 20250425051000.0 | ||
| 008 | 240331s9999 xx 000 0 und d | ||
| 020 | _a9558892009 | ||
| 082 |
_bEKA _a891 |
||
| 100 | _aEkanayake,R.S | ||
| 245 | 0 | _aWijayayi kuweniyayi | |
| 260 |
_aColombo _bSuriya Pragashakaiyo _c2003 |
||
| 300 | _a376 p ., | ||
| 500 | _aHistorical Love story | ||
| 942 | _cL | ||
| 999 |
_c5361 _d5361 |
||